| 000 | 00902nas a2200289 4500 | ||
|---|---|---|---|
| 001 | BR2010001085 | ||
| 003 | BR-BrBNA | ||
| 005 | 20231205113959.0 | ||
| 007 | ta | ||
| 008 | 230509b bl.|||p| |||| 00| 00por d | ||
| 040 |
_aBR-BrBNA _bpor _cBiblioteca Nacional de Agricultura |
||
| 041 | _a(Pt) | ||
| 072 | _aH20 | ||
| 100 | 1 | _aMesquini, R.M. | |
| 100 | 1 | _aSchwan-Estrada, K.R.F. | |
| 100 | 1 | _aGodoy, C.V. | |
| 100 | 1 | _aVieira, R.A. | |
| 100 | 1 | _aZarate, N.A.H. | |
| 100 | 1 | _aVieira, M. do C. | |
| 245 | 1 | _aEscala diagramática para a quantificação de Septoria apiicola e Cercospora arracacina em mandioquinha-salsa | |
| 650 | _aMANDIOQUINHA-SALSA | ||
| 650 | _aSEPTORIA | ||
| 650 | _aCERCOSPORA | ||
| 773 | 0 |
_tTropical Plant Pathology (Brazil) _xISSN 1982-5676 _g(Jul-Aug 2009), v. 34(4) p. 250-255 _wBR2010001085 |
|
| 909 |
_a202311 _bLúcia _c55 _dLúcia Elande |
||
| 942 |
_2AGRIS _n0 _cANA |
||
| 999 |
_c206559 _d206559 |
||